Sudden Death - Fortnite POI's - Statistics

General Stats
  • This quiz has been taken 247 times
  • The average score is 11 of 22
Answers on the Grid
Answers color-coded by a green-red scale on the quiz's grid according to % correct below.
Tilted Towers
Paradise Palms
Haunted Hills
Icy Island
Gotham City
Cloudy Temple
Deluded Divots
The Yacht
The Rig
Steamy Stacks
Gronk
The Daily Bugle
Knotty Nets
Junk Junction
The Graveyard
The Underworld
Chaotic Caves
Lustrous Lagoon
Skywalker Ridge
Rave Cave
Misty Meadows
Throbbing Woods
Salty Springs
Synapse Station
Pickled Pouches
Outpost Enclave
Juicy Jungle
Tomato Town
The Pit
Burd
The Mirage
Kenjutsu Crossing
Hulk Hollows
Trump Towers
Freaky Fields
Affluent Arrivals
 
Answer Stats
Answer % Correct
Tilted Towers
96%
Paradise Palms
88%
Haunted Hills
83%
Junk Junction
73%
The Yacht
73%
Steamy Stacks
70%
Tomato Town
68%
Misty Meadows
67%
Salty Springs
67%
Gotham City
64%
The Rig
64%
The Daily Bugle
59%
The Underworld
34%
Freaky Fields
30%
Rave Cave
30%
Burd
26%
Kenjutsu Crossing
26%
Lustrous Lagoon
24%
Knotty Nets
20%
Outpost Enclave
19%
Synapse Station
16%
Affluent Arrivals
9%
No matching quizzes found
Score Distribution
Percent of People with Each Score
Percentile by Number Answered
Your Score History
You have not taken this quiz